| 000 | 00826nam a2200229 i 4500 | ||
|---|---|---|---|
| 001 | bg | ||
| 100 | 1 | _aNIEWIEDZIAŁ, Ryszard | |
| 245 | 1 | 0 |
_aBadania plazmotronów łukowych prądu stałego oraz weryfikacja metod analitycznego ujmowania ich charakterystyk eksploatacyjnych / _cRyszard Niewiedział. |
| 260 |
_aPoznań : _bWydaw. PP, _c1999. |
||
| 300 |
_a94, [1] s. : _bil. ; _c24 cm. |
||
| 490 | 1 |
_aRozprawy / Politechnika Poznańska, _x0551-6528 ; _vnr 350 |
|
| 500 | _aStreszcz. ang. | ||
| 504 | _aBibliogr. | ||
| 650 | 9 |
_aAproksymacja _xstosowanie _xtechnika |
|
| 650 | 9 |
_aPlazmotron _xeksploatacja _xbadanie _xmetody |
|
| 830 | 0 |
_aRozprawy (Politechnika Poznańska) ; _vnr 350 |
|
| 040 | _cBPK | ||
| 041 | 0 |
_apl _ben |
|
| 080 | _a533.9:537.5:621.38:519.65 | ||
| 942 | _cKS | ||
| 008 | s pl f |000 0 pol | ||
| 999 |
_c37967 _d37967 |
||
| 856 |
_uhttp://koha.tu.koszalin.pl/cgi-bin/koha/opac-detail.pl?biblionumber=37967 _yKatalog online BPK |
||